[Event "Platja d'Aro"]
[Site "Platja d'Aro"]
[Date "2022.12.29"]
[Round "6"]
[White "Romero Pallares, Daniel"]
[Black "Luna Cortes, Luis"]
[Result "1/2-1/2"]
[WhiteElo "2295"]
[BlackElo "2196"]
[PlyCount "92"]
[EventDate "2022.12.26"]
[EventType "tourn"]
[EventRounds "9"]
[EventCountry "ESP"]
[EventCategory "2"]
[SourceTitle "CBM 211 Extra"]
[Source "ChessBase"]
[SourceDate "2023.01.31"]
[SourceVersion "1"]
[SourceVersionDate "2023.01.31"]
[SourceQuality "1"]

1. d4 d5 2. Nf3 Nf6 3. Bf4 e6 4. e3 Bd6 5. Ne5 0-0 6. Nd2 Nfd7 7. Bd3 f5 8. h4 Nf6 9. c4 c5 10. cxd5 Nxd5 11. Bg5 Qe8 12. Ndc4 Be7 13. dxc5 Bxc5 14. a3 Nc6 15. Nxc6 Qxc6 16. Rc1 Nb6 17. 0-0 Nxc4 18. Bxc4 Qb6 19. b4 Bd6 20. Qb3 Kh8 21. e4 fxe4 22. h5 h6 23. Be3 Qc7 24. Bd3 Qe7 25. Bxe4 Qh4 26. f4 Qxh5 27. Rfd1 Be7 28. Qd3 e5 29. Bc5 Bxc5+ 30. Rxc5 Bf5 31. Bxf5 Rxf5 32. Re1 Rxf4 33. Rcxe5 Qg4 34. Re8+ Rf8 35. Rxa8 Rxa8 36. Qd5 Qg3 37. Rf1 Qxa3 38. Qxb7 Qe3+ 39. Kh1 Re8 40. Qd5 Rb8 41. Qd6 Qb6 42. Rf8+ Rxf8 43. Qxf8+ Kh7 44. Qf5+ Kg8 45. Qc8+ Kf7 46. Qf5+ Ke7 1/2-1/2

[Event "Llinars del Valles op"]
[Site "Llinars del Valles"]
[Date "2022.06.28"]
[Round "4"]
[White "Luna Cortes, Luis"]
[Black "Garcia Ramos, Daniel"]
[Result "0-1"]
[WhiteElo "2215"]
[BlackElo "2441"]
[PlyCount "73"]
[EventDate "2022.06.25"]
[EventType "swiss"]
[EventRounds "9"]
[EventCountry "ESP"]
[SourceTitle "CBM 209 Extra"]
[Source "ChessBase"]
[SourceDate "2022.09.30"]
[SourceVersion "1"]
[SourceVersionDate "2022.09.30"]
[SourceQuality "1"]

1. e4 c6 2. d3 d5 3. Nd2 g6 4. Be2 Bg7 5. Ngf3 e5 6. b3 Ne7 7. Bb2 Qc7 8. d4 exd4 9. Nxd4 0-0 10. 0-0 Rd8 11. exd5 Nxd5 12. N2f3 Nf4 13. b4 b6 14. Bd3 Bg4 15. Qb1 Nxd3 16. cxd3 Qd6 17. a3 Na6 18. Rc1 c5 19. Nb5 Qd7 20. Bxg7 Bxf3 21. Be5 Bxg2 22. Kxg2 Qd5+ 23. Kg1 Qxe5 24. Nc3 Qg5+ 25. Kf1 Qh4 26. Ne4 Rd4 27. bxc5 Nxc5 28. Rxc5 bxc5 29. Qb7 Rad8 30. Nxc5 Qxh2 31. Rb1 Qh3+ 32. Ke1 R4d5 33. Ne4 Rxd3 34. Nf6+ Kg7 35. Qb2 Qh1+ 36. Ke2 Qf3+ 37. Ke1 0-1

[Event "Catalunya-chT Final A+B"]
[Site "Barcelona"]
[Date "2020.03.07"]
[Round "8.5"]
[White "Cruz Estrada, Filemon"]
[Black "Luna Cortes, Luis"]
[Result "1/2-1/2"]
[WhiteElo "2302"]
[BlackElo "2219"]
[PlyCount "38"]
[EventDate "2020.03.07"]
[EventType "team-tourn"]
[EventRounds "11"]
[EventCountry "ESP"]
[SourceTitle "EXT 2023"]
[Source "ChessBase"]
[SourceDate "2022.10.05"]
[SourceVersion "1"]
[SourceVersionDate "2022.10.05"]
[SourceQuality "1"]
[WhiteTeam "Badalona Cor de Marina"]
[BlackTeam "Colon Ateneu"]
[WhiteTeamCountry "ESP"]
[BlackTeamCountry "ESP"]

1. c4 Nf6 2. Nc3 e6 3. g3 d5 4. d4 Be7 5. Bg2 c6 6. Qb3 0-0 7. Nf3 dxc4 8. Qxc4 b5 9. Qb3 b4 10. Na4 Ba6 11. Bg5 Qd5 12. Qd1 Rd8 13. b3 Qb5 14. Qc2 h6 15. Bxf6 Bxf6 16. Rd1 Nd7 17. Rd2 Rac8 18. 0-0 c5 19. dxc5 Nxc5 1/2-1/2

[Event "Catalunya-chT Gp1"]
[Site "Barcelona"]
[Date "2017.03.04"]
[Round "7.6"]
[White "Congiu, Mathilde"]
[Black "Luna Cortes, Luis"]
[Result "1/2-1/2"]
[WhiteElo "2215"]
[BlackElo "2270"]
[PlyCount "90"]
[EventDate "2017.01.21"]
[EventType "team-tourn"]
[EventRounds "7"]
[EventCountry "ESP"]
[SourceTitle "EXT 2018"]
[Source "ChessBase"]
[SourceDate "2017.10.13"]
[SourceVersion "1"]
[SourceVersionDate "2017.10.13"]
[SourceQuality "1"]
[WhiteTeam "Montcada"]
[BlackTeam "Mollet"]
[WhiteTeamCountry "ESP"]
[BlackTeamCountry "ESP"]

1. e4 a6 2. d4 e6 3. Be3 d5 4. Nc3 Nf6 5. e5 Nfd7 6. f4 c5 7. Nf3 cxd4 8. Nxd4 Nc6 9. Qd2 Bb4 10. a3 Qa5 11. Nb3 Bxc3 12. bxc3 Qc7 13. Bd3 Na5 14. Nxa5 Qxa5 15. 0-0 Nc5 16. Qf2 Nxd3 17. cxd3 0-0 18. Bd4 b5 19. Qg3 Qc7 20. Rf3 Qe7 21. Qf2 Re8 22. g4 Bd7 23. f5 Qg5 24. Kh1 Rec8 25. Rg1 a5 26. f6 b4 27. h4 Qh6 28. Be3 Qg6 29. Bd4 gxf6 30. Rxf6 Qxd3 31. Rf3 Qe4 32. Re1 Qg6 33. Rf6 Qg7 34. axb4 axb4 35. cxb4 Rc4 36. Rf1 Be8 37. h5 Ra3 38. g5 Rh3+ 39. Kg2 Rxh5 40. g6 Rg5+ 41. Kf3 Rxg6 42. Rxg6 hxg6 43. Rh1 Rxb4 44. Qe3 Ba4 45. Qg5 Rb8 1/2-1/2

[Event "Catalunya-chT GpA final"]
[Site "Barcelona"]
[Date "2015.04.11"]
[Round "10.1"]
[White "Diaz Camallonga, Carles"]
[Black "Luna Cortes, Luis"]
[Result "1-0"]
[WhiteElo "2357"]
[BlackElo "2220"]
[PlyCount "167"]
[EventDate "2015.03.14"]
[EventType "team-tourn"]
[EventRounds "11"]
[EventCountry "ESP"]
[SourceTitle "EXT 2016"]
[Source "ChessBase"]
[SourceDate "2015.10.08"]
[SourceVersion "1"]
[SourceVersionDate "2015.10.08"]
[SourceQuality "1"]
[WhiteTeam "Colon Sabadell"]
[BlackTeam "Barcelona Escola Escacs"]
[WhiteTeamCountry "ESP"]
[BlackTeamCountry "ESP"]

1. e4 c5 2. Nf3 e6 3. d4 cxd4 4. Nxd4 a6 5. c4 Nf6 6. Nc3 Bb4 7. Bd2 Qb6 8. Nc2 Bc5 9. Qf3 Nc6 10. Na4 Qa7 11. Nxc5 Qxc5 12. Bc3 Qh5 13. Qxh5 Nxh5 14. c5 0-0 15. Ne3 b5 16. cxb6 Rb8 17. 0-0-0 Rxb6 18. Nc4 Rb7 19. Nd6 Rc7 20. Kb1 Ra7 21. g3 a5 22. e5 Ba6 23. Bg2 g6 24. Bf3 f5 25. Rd2 a4 26. Bxc6 dxc6 27. Bd4 Rc7 28. Bb6 Rd7 29. Rc1 Rb8 30. Ba5 Bb5 31. Rc5 Ra7 32. Bc3 Ng7 33. Nxb5 cxb5 34. Bb4 Ne8 35. Rc6 Kf7 36. Bc5 Rab7 37. a3 g5 38. h3 Ng7 39. Kc2 g4 40. h4 f4 41. Rd4 fxg3 42. fxg3 h5 43. Kc3 Nf5 44. Rd3 Ne7 45. Bxe7 Rxe7 46. Rd4 Kg7 47. Kb4 Rf8 48. Rd3 Rf2 49. b3 Kf7 50. Rc5 axb3 51. Rxb3 Rb7 52. Rxb5 Rxb5+ 53. Kxb5 Re2 54. a4 Rxe5+ 55. Kb4 Ke7 56. a5 Kd6 57. Rc3 Re4+ 58. Kb5 Re1 59. Ra3 Kc7 60. a6 Kb8 61. a7+ Ka8 62. Kc4 Rf1 63. Kd4 Rf5 64. Ke4 Rb5 65. Ra6 Rb4+ 66. Ke5 Rb3 67. Kf4 Rf3+ 68. Kg5 Rf5+ 69. Kg6 Re5 70. Ra3 Rf5 71. Ra4 Re5 72. Ra6 Re3 73. Ra4 Rxg3 74. Kxh5 Re3 75. Kxg4 Re1 76. Kg5 Rg1+ 77. Kf6 Re1 78. h5 Rh1 79. Ra5 e5 80. Rxe5 Kxa7 81. Kg6 Kb7 82. h6 Kc6 83. h7 Kd6 84. Rh5 1-0

[Event "Catalunya-chT Gp1"]
[Site "Barcelona"]
[Date "2015.01.31"]
[Round "2.4"]
[White "Oliva Anell, Judith"]
[Black "Luna Cortes, Luis"]
[Result "0-1"]
[WhiteElo "1762"]
[BlackElo "2220"]
[PlyCount "62"]
[EventDate "2015.01.24"]
[EventType "team-tourn"]
[EventRounds "7"]
[EventCountry "ESP"]
[SourceTitle "CBM 164 Extra"]
[Source "ChessBase"]
[SourceDate "2015.03.02"]
[SourceVersion "1"]
[SourceVersionDate "2015.03.02"]
[SourceQuality "1"]
[WhiteTeam "Montcada"]
[BlackTeam "Barcelona Escola Escacs"]
[WhiteTeamCountry "ESP"]
[BlackTeamCountry "ESP"]

1. e4 c5 2. Nc3 a6 3. f4 b5 4. Nf3 Bb7 5. d3 b4 6. Ne2 d5 7. Ng3 h5 8. exd5 Bxd5 9. h3 e6 10. Be2 Nf6 11. 0-0 Be7 12. Ne5 h4 13. Nh1 Nc6 14. Bf3 Nd4 15. Bxd5 Nxd5 16. Bd2 0-0 17. Nf2 Qc7 18. Ne4 Nf5 19. Qf3 a5 20. Rae1 a4 21. c3 a3 22. b3 Rad8 23. Rc1 Qb6 24. Kh2 bxc3 25. Nxc3 Nb4 26. Na4 Qb5 27. Bxb4 cxb4 28. Rc7 Rd5 29. Rfc1 Rxe5 30. fxe5 Qxe5+ 31. Kg1 Bg5 0-1

[Event "Montcada 2nd"]
[Site "Montcada"]
[Date "2014.02.09"]
[Round "2"]
[White "Asensio Linan, Teodoro"]
[Black "Luna Cortes, Luis"]
[Result "0-1"]
[WhiteElo "2199"]
[BlackElo "2181"]
[PlyCount "94"]
[EventDate "2014.02.06"]
[EventType "tourn"]
[EventRounds "9"]
[EventCountry "ESP"]
[EventCategory "3"]
[SourceTitle "CBM 159 Extra"]
[Source "ChessBase"]
[SourceDate "2014.04.24"]
[SourceVersion "1"]
[SourceVersionDate "2014.04.24"]
[SourceQuality "1"]

1. e4 a6 2. Nf3 c5 3. c4 e6 4. d4 cxd4 5. Nxd4 Qc7 6. a3 Nf6 7. Nc3 Be7 8. Be2 d6 9. 0-0 0-0 10. Be3 Nbd7 11. f3 Ne5 12. Rc1 Bd7 13. Kh1 Rac8 14. f4 Nc6 15. Nd5 exd5 16. cxd5 Nxe4 17. dxc6 bxc6 18. Bxa6 Rfe8 19. b4 Bf6 20. Bg1 Qa7 21. Qd3 c5 22. Nf3 Bf5 23. Qc4 Qa8 24. Bb5 d5 25. Qb3 c4 26. Qa4 Nc3 27. Rxc3 Bxc3 28. Bxe8 Rxe8 29. Qb5 Bd3 30. Rf2 Rb8 31. Qc5 Rc8 32. Qe7 Re8 33. Qd7 Rd8 34. Qc7 f6 35. b5 d4 36. Nd2 Qb8 37. Qc5 Bxd2 38. Rxd2 Qxf4 39. Rd1 Qe5 40. Qb6 Rd7 41. Qc6 Re7 42. Qb6 Qe2 43. Qd8+ Kf7 44. Qd5+ Kg6 45. Qd6 Re5 46. Rxd3 cxd3 47. Qxd4 d2 0-1

[Event "Llinars del Valles op-A 7th"]
[Site "Llinars del Valles"]
[Date "2013.04.20"]
[Round "2"]
[White "Luna Cortes, Luis"]
[Black "Panades Catarineu, Oriol"]
[Result "1-0"]
[WhiteElo "2144"]
[BlackElo "1746"]
[PlyCount "75"]
[EventDate "2013.04.13"]
[EventType "swiss"]
[EventRounds "7"]
[EventCountry "ESP"]
[SourceTitle "EXT 2014"]
[Source "ChessBase"]
[SourceDate "2013.11.20"]
[SourceVersion "1"]
[SourceVersionDate "2013.11.20"]
[SourceQuality "1"]

1. b3 Nf6 2. Bb2 c5 3. e3 e6 4. Nf3 Nc6 5. Bb5 d5 6. 0-0 Bd7 7. Bxc6 Bxc6 8. Ne5 Bd6 9. Nxc6 bxc6 10. f4 Qc7 11. Bxf6 gxf6 12. Qg4 Ke7 13. Nc3 Rag8 14. Qh3 Rg7 15. Rf3 e5 16. Ne2 e4 17. Rg3 Rxg3 18. Nxg3 Kd8 19. Qh6 Qe7 20. Qg7 Qe8 21. Qxf6+ Kd7 22. Nf5 Bb8 23. c4 Rg8 24. cxd5 cxd5 25. Qa6 Qc8 26. Qh6 Rg6 27. Qxh7 Qg8 28. Qh3 Kd8 29. Rc1 Rc6 30. Qh4+ f6 31. Nd4 Rc8 32. Qxf6+ Kd7 33. Nf5 c4 34. Qe7+ Kc6 35. Nd4+ Kb6 36. bxc4 Rxc4 37. Rb1+ Ka5 38. Qa3+ 1-0

[Event "Catalunya-chT"]
[Site "Catalunya"]
[Date "2012.02.18"]
[Round "4.10"]
[White "Flores de Paco, David"]
[Black "Luna Cortes, Luis"]
[Result "0-1"]
[WhiteElo "2082"]
[BlackElo "2159"]
[PlyCount "104"]
[EventDate "2012.01.28"]
[EventType "team-tourn"]
[EventRounds "11"]
[EventCountry "ESP"]
[SourceTitle "EXT 2013"]
[Source "ChessBase"]
[SourceDate "2012.11.22"]
[SourceVersion "1"]
[SourceVersionDate "2012.11.22"]
[SourceQuality "1"]
[WhiteTeam "Terrassa"]
[BlackTeam "Barbera"]
[WhiteTeamCountry "ESP"]
[BlackTeamCountry "ESP"]

1. d4 d5 2. Nf3 Bf5 3. c4 e6 4. Nc3 Bb4 5. g3 Nc6 6. Bg2 dxc4 7. Qa4 Be4 8. 0-0 Bxc3 9. bxc3 Qd5 10. Bf4 Rc8 11. Rab1 Bxb1 12. Nd2 Qd7 13. Rxb1 Nge7 14. Rxb7 0-0 15. Ne4 Nd5 16. Nc5 Qe8 17. Bxc7 Nd8 18. Bxd8 Qxa4 19. Nxa4 Rfxd8 20. e4 Rc7 21. Rxc7 Nxc7 22. Bf1 Nb5 23. Bxc4 Nxc3 24. Nxc3 Rc8 25. Bb3 Rxc3 26. d5 exd5 27. Bxd5 Kf8 28. Kg2 Ke7 29. Kh3 a5 30. Kg4 a4 31. h4 Rc7 32. Kf4 Kd6 33. g4 Kc5 34. Ke3 Re7 35. f4 Rd7 36. h5 h6 37. g5 f6 38. g6 Ra7 39. Bf7 Re7 40. Kd3 Rd7+ 41. Ke3 Rd1 42. Ke2 Rh1 43. e5 f5 44. Ke3 Rxh5 45. Be6 a3 46. Kf3 Rh2 47. Kg3 Rd2 48. Kh4 Rg2 49. Kh3 Rg4 50. Bxf5 Rxf4 51. Bg4 Rf2 52. Be6 Re2 0-1

[Event "Catalunya-chT"]
[Site "Catalunya"]
[Date "2012.01.28"]
[Round "1.10"]
[White "Colls Gelaberto, Emilio"]
[Black "Luna Cortes, Luis"]
[Result "1-0"]
[WhiteElo "2149"]
[BlackElo "2159"]
[PlyCount "99"]
[EventDate "2012.01.28"]
[EventType "team-tourn"]
[EventRounds "11"]
[EventCountry "ESP"]
[SourceTitle "EXT 2013"]
[Source "ChessBase"]
[SourceDate "2012.11.22"]
[SourceVersion "1"]
[SourceVersionDate "2012.11.22"]
[SourceQuality "1"]
[WhiteTeam "Figueres"]
[BlackTeam "Barbera"]
[WhiteTeamCountry "ESP"]
[BlackTeamCountry "ESP"]

1. d4 f5 2. g3 Nf6 3. Bg2 g6 4. Nf3 Bg7 5. 0-0 0-0 6. b3 Ne4 7. Bb2 d5 8. c4 Be6 9. cxd5 Bxd5 10. Nc3 Nxc3 11. Bxc3 Nd7 12. Rc1 a5 13. Nd2 Bxg2 14. Kxg2 Nf6 15. e3 c6 16. Qe2 Qd5+ 17. f3 Bh6 18. Rce1 Qf7 19. Nc4 Nd5 20. Bd2 b5 21. Ne5 Qe8 22. e4 Bxd2 23. Qxd2 fxe4 24. fxe4 Rxf1 25. Rxf1 Nf6 26. Qe3 Qc8 27. Rc1 Ng4 28. Nxg4 Qxg4 29. Rxc6 a4 30. b4 Rd8 31. d5 Rf8 32. Rc2 Qd1 33. Qe2 Qd4 34. a3 Rf6 35. Rd2 Qe5 36. Qd3 Qa1 37. h4 Qe5 38. Qd4 Qc7 39. e5 Rf5 40. d6 Qc6+ 41. Kh2 exd6 42. exd6 Qd7 43. Qb6 Rf7 44. Kg2 Kg7 45. Qd4+ Kg8 46. Qd5 Kg7 47. h5 Rf5 48. Qd4+ Kh6 49. hxg6 hxg6 50. Qh8+ 1-0

[Event "Mislata op 45th"]
[Site "Mislata"]
[Date "2011.08.21"]
[Round "9"]
[White "Montalban Galvez, Antonio"]
[Black "Luna Cortes, Luis"]
[Result "1-0"]
[WhiteElo "2158"]
[BlackElo "2143"]
[PlyCount "131"]
[EventDate "2011.08.15"]
[EventType "swiss"]
[EventRounds "9"]
[EventCountry "ESP"]
[SourceTitle "CBM 143 Extra"]
[Source "ChessBase"]
[SourceDate "2011.08.29"]
[SourceVersion "1"]
[SourceVersionDate "2011.08.29"]
[SourceQuality "1"]

1. Nf3 d5 2. d4 Nc6 3. Bf4 Bg4 4. e3 Nf6 5. Be2 Bxf3 6. Bxf3 e6 7. Nd2 Bd6 8. Bxd6 Qxd6 9. c4 0-0 10. 0-0 Ne7 11. cxd5 exd5 12. Qc2 c6 13. Nb3 Ng6 14. g3 Rfe8 15. Nc5 Re7 16. Rac1 Nf8 17. Qb3 Rb8 18. Rc2 Ne6 19. Qa3 Ng5 20. Bg2 a6 21. Nd3 Qxa3 22. bxa3 Nge4 23. Rb1 Rc8 24. Nc5 Nxc5 25. Rxc5 Ne8 26. Bxd5 Rd8 27. Bf3 g6 28. a4 Nf6 29. Kg2 Kg7 30. a5 Rd6 31. Rc3 h5 32. h4 Kf8 33. Rcb3 Rdd7 34. R1b2 Ke8 35. Rxb7 Nd5 36. Rb8+ Rd8 37. Rxd8+ Kxd8 38. Bxd5 cxd5 39. Rb6 Rc7 40. Rxa6 Ke7 41. Rb6 Rc2 42. a6 Rxa2 43. Rb7+ Ke6 44. a7 f6 45. Rg7 Kf5 46. Rd7 Ke6 47. Rh7 Kf5 48. Re7 Ra5 49. Kh3 Ra1 50. Kh2 Ra2 51. Kg2 Ra5 52. Kf1 Ra2 53. Ke1 g5 54. hxg5 fxg5 55. Kf1 Kf6 56. Re5 Rxa7 57. Rxd5 Ra2 58. Kg2 Rb2 59. Rd6+ Kf5 60. Rh6 Kg4 61. Rf6 h4 62. gxh4 Kxh4 63. Kf3 g4+ 64. Ke4 Rb8 65. d5 Kg5 66. Rf4 1-0

[Event "Mislata op 45th"]
[Site "Mislata"]
[Date "2011.08.20"]
[Round "8"]
[White "Luna Cortes, Luis"]
[Black "Buenafe Moya, Javier"]
[Result "1/2-1/2"]
[WhiteElo "2143"]
[BlackElo "2312"]
[PlyCount "148"]
[EventDate "2011.08.15"]
[EventType "swiss"]
[EventRounds "9"]
[EventCountry "ESP"]
[SourceTitle "CBM 143 Extra"]
[Source "ChessBase"]
[SourceDate "2011.08.29"]
[SourceVersion "1"]
[SourceVersionDate "2011.08.29"]
[SourceQuality "1"]

1. Nc3 d5 2. e4 dxe4 3. Nxe4 e6 4. d4 Nd7 5. Nf3 Ngf6 6. Bd3 Nxe4 7. Bxe4 Nf6 8. Bd3 c5 9. dxc5 Bxc5 10. Bb5+ Bd7 11. Bxd7+ Qxd7 12. Qxd7+ Nxd7 13. Bf4 f6 14. 0-0 e5 15. Rfe1 Rc8 16. Rac1 b5 17. Be3 Nb6 18. Bxc5 Rxc5 19. Nd2 0-0 20. Ne4 Rc6 21. c3 f5 22. Ng3 Nc4 23. Re2 f4 24. Nf1 Re8 25. f3 a5 26. Rd1 Nb6 27. Rde1 Rce6 28. Nd2 a4 29. a3 h6 30. b3 Nd5 31. Ne4 Rc8 32. bxa4 bxa4 33. Rc1 Ne3 34. Rb2 Nc4 35. Rb4 Ra6 36. Ra1 Rc7 37. Kf2 Ra5 38. Ke2 Kh7 39. Kf2 Raa7 40. Rb5 Rab7 41. Rb4 Rxb4 42. cxb4 Ne3 43. Nc5 Rc6 44. Rc1 Rd6 45. Ke2 Nxg2 46. b5 g5 47. h3 h5 48. Ne4 Rb6 49. Nxg5+ Kg8 50. Ne4 Ne3 51. Rc5 Nf5 52. Nc3 Nd4+ 53. Kf2 Rg6 54. Ne4 Rb6 55. Nc3 Rg6 56. Ne2 Nxe2 57. Kxe2 Rg2+ 58. Kd3 Ra2 59. Rc3 Rb2 60. Rc5 Rb3+ 61. Kc4 Kf7 62. Rxe5 Rxf3 63. b6 Rb3 64. Kc5 Kf6 65. Rxh5 Rxa3 66. b7 Rb3 67. Kc6 f3 68. Rh8 a3 69. Rf8+ Ke6 70. Re8+ Kf5 71. Kc7 a2 72. Re1 Rxb7+ 73. Kxb7 f2 74. Ra1 Kg5 1/2-1/2

[Event "Mislata op 45th"]
[Site "Mislata"]
[Date "2011.08.16"]
[Round "2"]
[White "Luna Cortes, Luis"]
[Black "Garcia Martinez, Silvino"]
[Result "1/2-1/2"]
[WhiteElo "2143"]
[BlackElo "2316"]
[PlyCount "32"]
[EventDate "2011.08.15"]
[EventType "swiss"]
[EventRounds "9"]
[EventCountry "ESP"]
[SourceTitle "CBM 143 Extra"]
[Source "ChessBase"]
[SourceDate "2011.08.29"]
[SourceVersion "1"]
[SourceVersionDate "2011.08.29"]
[SourceQuality "1"]

1. d4 Nf6 2. Nf3 g6 3. g3 Bg7 4. Bg2 0-0 5. 0-0 d6 6. Nbd2 Nbd7 7. e4 c5 8. c3 Qc7 9. b3 Rb8 10. Bb2 b5 11. Re1 e5 12. dxe5 dxe5 13. c4 a6 14. Qc2 Re8 15. Rac1 Bb7 16. Nf1 Rbc8 1/2-1/2

[Event "San Fernando op 24th"]
[Site "San Fernando"]
[Date "2011.07.17"]
[Round "3"]
[White "Luna Cortes, Luis"]
[Black "Lazarev, Vladimir"]
[Result "0-1"]
[WhiteElo "2143"]
[BlackElo "2445"]
[PlyCount "62"]
[EventDate "2011.07.16"]
[EventType "swiss"]
[EventRounds "7"]
[EventCountry "ESP"]
[SourceTitle "CBM 143 Extra"]
[Source "ChessBase"]
[SourceDate "2011.08.29"]
[SourceVersion "1"]
[SourceVersionDate "2011.08.29"]
[SourceQuality "1"]

1. d4 Nf6 2. Nf3 c5 3. c3 Qc7 4. g3 b6 5. Bg2 Bb7 6. 0-0 g6 7. Bg5 Bg7 8. Nbd2 d6 9. Re1 0-0 10. e4 h6 11. Be3 Ng4 12. d5 Nxe3 13. Rxe3 Nd7 14. Qc2 b5 15. h4 c4 16. Rf1 Rae8 17. Qd1 Qb6 18. Qe2 Nc5 19. h5 e6 20. hxg6 fxg6 21. dxe6 Rxe6 22. Nh4 Nd3 23. f4 d5 24. e5 g5 25. fxg5 Rxe5 26. Rxf8+ Bxf8 27. Nf1 Bc5 28. gxh6 Bxe3+ 29. Kh1 Nf2+ 30. Kh2 Qxh6 31. Qf3 Bb6 0-1